|
|
|
|
| LEADER |
00000nam0a2200000 4500 |
| 001 |
101000 |
| 005 |
20231101214335.0 |
| 010 |
|
|
|a 5859710798
|
| 035 |
|
|
|a (RuTPU)RU\TPU\book\108723
|
| 090 |
|
|
|a 101000
|
| 100 |
|
|
|a 20060830d2005 m y0rusy50 ca
|
| 101 |
0 |
|
|a rus
|
| 102 |
|
|
|a RU
|
| 105 |
|
|
|a y j 001zy
|
| 200 |
1 |
|
|a Стратегическое развитие организации
|e учебное пособие для вузов
|f Ю. Н. Лапыгин, Д. Ю. Лапыгин, Т. А. Лачинина
|
| 210 |
|
|
|a Москва
|c Кнорус
|d 2005
|
| 215 |
|
|
|a 284 с.
|
| 320 |
|
|
|a Библиография в конце тем.
|
| 606 |
1 |
|
|a Предприятия
|x Экономика
|x Управление
|2 stltpush
|3 (RuTPU)RU\TPU\subj\36690
|9 57983
|
| 610 |
1 |
|
|a экономика
|
| 610 |
1 |
|
|a предприятия
|
| 610 |
1 |
|
|a организации
|
| 610 |
1 |
|
|a управление
|
| 610 |
1 |
|
|a стратегии
|
| 610 |
1 |
|
|a стратегии развития
|
| 610 |
1 |
|
|a стратегическое управление
|
| 610 |
1 |
|
|a неопределенность
|
| 610 |
1 |
|
|a конкуренция
|
| 610 |
1 |
|
|a внешняя среда
|
| 610 |
1 |
|
|a внутрифирменное планирование
|
| 610 |
1 |
|
|a стратегические изменения
|
| 610 |
1 |
|
|a оценка
|
| 610 |
1 |
|
|a эффективность
|
| 610 |
1 |
|
|a учебные пособия
|
| 686 |
|
|
|a У9(2)29-2я73
|v LBC/SL-A
|2 rubbk
|
| 700 |
|
1 |
|a Лапыгин
|b Ю. Н.
|g Юрий Николаевич
|
| 701 |
|
1 |
|a Лапыгин
|b Д. Ю.
|g Денис Юрьевич
|
| 701 |
|
1 |
|a Лачинина
|b Т. А.
|g Татьяна Александровна
|
| 801 |
|
1 |
|a RU
|b 63413507
|c 20060830
|g PSBO
|
| 801 |
|
2 |
|a RU
|b 63413507
|c 20211018
|g PSBO
|
| 900 |
|
|
|a Стратегический менеджмент
|
| 900 |
|
|
|a Стратегическое планирование
|
| 942 |
|
|
|c BK
|
| 954 |
|
|
|a 521600
|
| 959 |
|
|
|a 73/20060825
|d 2
|e 100,00
|f ЧЗГЛ:1
|f АНЛ:1
|
| 959 |
|
|
|a 24/20070227
|d 1
|e 100,00
|f АНЛ:1
|